If I only had a horn : (Record no. 1956)

MARC details
000 -LEADER
fixed length control field 01439cam a2200373 a 4500
001 - CONTROL NUMBER
control field 1956
003 - CONTROL NUMBER IDENTIFIER
control field FISKH
005 - DATE AND TIME OF LATEST TRANSACTION
control field 20231102145750.0
008 - FIXED-LENGTH DATA ELEMENTS--GENERAL INFORMATION
fixed length control field 960321s1997 maua b 000 0beng
010 ## - LIBRARY OF CONGRESS CONTROL NUMBER
LC control number 96015380
020 ## - INTERNATIONAL STANDARD BOOK NUMBER
International Standard Book Number 0395759196
020 ## - INTERNATIONAL STANDARD BOOK NUMBER
International Standard Book Number 9780618250769
040 ## - CATALOGING SOURCE
Original cataloging agency DLC
Transcribing agency DLC
Modifying agency DLC
Language of cataloging eng
050 00 - LIBRARY OF CONGRESS CALL NUMBER
Classification number ML3930.A75
Item number O74 1997
082 00 - DEWEY DECIMAL CLASSIFICATION NUMBER
Classification number 781.65/092
-- B
Edition number 20
100 1# - MAIN ENTRY--PERSONAL NAME
Personal name Orgill, Roxane.
245 10 - TITLE STATEMENT
Title If I only had a horn :
Remainder of title young Louis Armstrong /
Statement of responsibility, etc. Roxane Orgill ; illustrated by Leonard Jenkins.
260 ## - PUBLICATION, DISTRIBUTION, ETC.
Place of publication, distribution, etc. New York :
Name of publisher, distributor, etc. Houghton Mifflin,
Date of publication, distribution, etc. 1997.
300 ## - PHYSICAL DESCRIPTION
Extent 32 unnumbered pages :
Other physical details color illustrations ;
Dimensions 26 cm
505 ## - FORMATTED CONTENTS NOTE
Formatted contents note W<br/>
520 ## - SUMMARY, ETC.
Summary, etc. Relates how the famous jazz trumpeter began his musical career, as a poor boy in New Orleans, by singing songs on street corners and playing a battered cornet in a marching band.
521 8# - TARGET AUDIENCE NOTE
Target audience note 860<br/>
Source Lexile<br/>
521 8# - TARGET AUDIENCE NOTE
Target audience note W<br/>
Source Raz-Plus<br/>
600 10 - SUBJECT ADDED ENTRY--PERSONAL NAME
Personal name Armstrong, Louis,
Dates associated with a name 1901-1971
Form subdivision Juvenile literature.
600 11 - SUBJECT ADDED ENTRY--PERSONAL NAME
Personal name Armstrong, Louis,
Dates associated with a name 1901-1971.
650 #0 - SUBJECT ADDED ENTRY--TOPICAL TERM
Topical term or geographic name entry element Jazz musicians
Geographic subdivision United States
Form subdivision Biography
-- Juvenile literature.
650 #1 - SUBJECT ADDED ENTRY--TOPICAL TERM
Topical term or geographic name entry element Musicians.
650 #1 - SUBJECT ADDED ENTRY--TOPICAL TERM
Topical term or geographic name entry element Jazz.
650 #1 - SUBJECT ADDED ENTRY--TOPICAL TERM
Topical term or geographic name entry element African Americans
Form subdivision Biography.
700 1# - ADDED ENTRY--PERSONAL NAME
Personal name Jenkins, Leonard,
Relator term illustrator
906 ## - LOCAL DATA ELEMENT F, LDF (RLIN)
a 7
b cbc
c orignew
d 1
e ocip
f 19
g y-gencatlg
942 ## - ADDED ENTRY ELEMENTS (KOHA)
Source of classification or shelving scheme Dewey Decimal Classification
Koha item type Books
Suppress in OPAC No
Holdings
Withdrawn status Lost status Source of classification or shelving scheme Damaged status Not for loan Collection Home library Current library Shelving location Date acquired Total Checkouts Full call number Barcode Date last seen Copy number Price effective from Koha item type Date due Date last checked out
    Dewey Decimal Classification     Non-Fiction Footprints International School Library Network Toul Kork Campus Footprints International School Library Network Toul Kork Campus A TK Campus, 4th Floor, Room B401, Non-Fiction Bookcases(7-8) 10/20/2023   ORG 781.65092 ML3930.A75 FISTK01853 10/20/2023 1 10/20/2023 Books    
    Dewey Decimal Classification     Non-Fiction Footprints International School Library Network Toul Kork Campus Footprints International School Library Network Toul Kork Campus A TK Campus, 4th Floor, Room B401, Non-Fiction Bookcases(7-8) 10/20/2023 1 ORG 781.65092 ML3930.A75 FISTK01854 03/31/2026 2 10/20/2023 Books 04/14/2026 03/31/2026